Investigación con estudio de casos
Kaydedildi:
| Yazar: | |
|---|---|
| Materyal Türü: | Kitap |
| Dil: | İspanyolca |
| Baskı/Yayın Bilgisi: |
Madrid, España
Morata
1998
|
| Edisyon: | 1a. ed |
| Seri Bilgileri: | Colección Pedagogía. Manuales
|
| Konular: | |
| Online Erişim: | Disponible Online |
| Etiketler: |
Etiketle
Etiket eklenmemiş, İlk siz ekleyin!
|
MARC
| LEADER | 00000cam a2200000 a 4500 | ||
|---|---|---|---|
| 001 | UCO5629 | ||
| 003 | CL-VaPUC | ||
| 005 | 20231115111049.0 | ||
| 008 | 000908e19980000SP |||||||||||||||||spa|d | ||
| 999 | |c 291478 |d 291476 | ||
| 020 | |a 847112422X | ||
| 040 | |c Pontificia Universidad Católica de Valparaíso | ||
| 082 | 0 | 4 | |a 370.78 STA 1998 |2 21 |
| 100 | 0 | |a Stake, Robert E |e author |9 450340 | |
| 245 | 1 | 0 | |a Investigación con estudio de casos |
| 250 | |a 1a. ed | ||
| 260 | |a Madrid, España |b Morata |c 1998 | ||
| 300 | |a 159 páginas | ||
| 440 | |a Colección Pedagogía. Manuales |9 856756 | ||
| 583 | |a last modification |c 20190507 08:40:41 |k Rodrigo Vera | ||
| 650 | 0 | |a Investigación educacional |9 261192 |x Estudio de casos |x Metodología | |
| 852 | |a BIBCUR | ||
| 856 | |u http://bibliografiadigital.pucv.cl.pucv.idm.oclc.org/index.php/bibliotecapucv/catalog/book/225 |y Disponible Online | ||
| 942 | |c BK |2 ddc | ||
| 945 | |d 20000908 00:00:00 |a rbrito | ||
| 952 | |0 0 |1 0 |4 0 |6 370_780000000000000_STA_1998 |7 0 |8 A |9 341332 |a BIBEDU |b BIBEDU |d 2019-11-20 |i 3644316 |o 370.78 STA 1998 |p 3644316 |r 2019-11-20 |w 2019-11-20 |y BK |k EDU | ||
| 952 | |0 0 |1 0 |4 0 |6 370_780000000000000_STA_1998 |7 0 |8 A |9 341334 |a BIBEDU |b BIBEDU |d 2019-11-20 |i 3667901 |l 3 |o 370.78 STA 1998 |p 3667901 |r 2023-12-11 |s 2023-11-29 |w 2019-11-20 |y BK |k EPE | ||
| 952 | |0 0 |1 0 |4 0 |6 370_780000000000000_STA_1998 |7 0 |8 A |9 341335 |a BIBEDU |b BIBEDU |d 2019-11-20 |i 4066227 |o 370.78 STA 1998 |p 4066227 |r 2019-11-20 |w 2019-11-20 |y BK |k PAR | ||
| 952 | |0 0 |1 0 |3 erb |4 0 |6 370_780000000000000_STA_1998 |7 0 |8 A |9 341336 |a BIBEDU |b BIBEDU |i 5161762 |o 370.78 STA 1998 |p 5161762 |r 2019-11-20 |w 2019-11-20 |y BK |z Catalogado en:20150605 |k EDU | ||
| 952 | |0 0 |1 0 |3 erb |4 0 |6 370_780000000000000_STA_1998 |7 0 |8 A |9 341337 |a BIBEDU |b BIBEDU |i 5366275 |l 1 |o 370.78 STA 1998 |p 5366275 |r 2022-07-28 |s 2022-07-04 |w 2019-11-20 |y BK |z Catalogado en:20170317 |k EFI | ||
| 952 | |0 0 |1 0 |3 erb |4 0 |6 370_780000000000000_STA_1998 |7 0 |8 A |9 341338 |a BIBING |b BIBING |i 5427088 |o 370.78 STA 1998 |p 5427088 |r 2025-01-20 |w 2019-11-20 |y BK |z Catalogado en:20171006 |k GEO | ||
| 952 | |0 0 |1 0 |2 ddc |4 0 |6 370_780000000000000_STA_1998 |7 0 |8 A |9 588279 |a BIBMAT |b BIBMAT |c GEN |d 2022-12-16 |e 3 |g 29040.00 |i 5656073 |l 2 |m 1 |o 370.78 STA 1998 |p 5656073 |r 2025-03-25 |s 2025-03-25 |t 8 |v 29040.00 |w 2022-12-16 |y BK |k MAT | ||